<?xml version="1.0" encoding="UTF-8"?>
<record
    xmlns:xsi="http://www.w3.org/2001/XMLSchema-instance"
    xsi:schemaLocation="http://www.loc.gov/MARC21/slim http://www.loc.gov/standards/marcxml/schema/MARC21slim.xsd"
    xmlns="http://www.loc.gov/MARC21/slim">

  <leader>00390nam a22000977a 4500</leader>
  <datafield tag="999" ind1=" " ind2=" ">
    <subfield code="c">23487</subfield>
    <subfield code="d">23487</subfield>
  </datafield>
  <controlfield tag="003">NUST</controlfield>
  <controlfield tag="005">20170609120122.0</controlfield>
  <controlfield tag="008">131104b        xxu||||| |||| 00| 0 eng d</controlfield>
  <datafield tag="020" ind1=" " ind2=" ">
    <subfield code="a">8131711080</subfield>
    <subfield code="c">Available</subfield>
  </datafield>
  <datafield tag="040" ind1=" " ind2=" ">
    <subfield code="a">DLC</subfield>
    <subfield code="b">DLC</subfield>
    <subfield code="c">RCMS</subfield>
  </datafield>
  <datafield tag="082" ind1=" " ind2=" ">
    <subfield code="a">003.01 GOR</subfield>
  </datafield>
  <datafield tag="100" ind1=" " ind2=" ">
    <subfield code="a">Geoffrey Gordon</subfield>
    <subfield code="9">2380</subfield>
  </datafield>
  <datafield tag="245" ind1=" " ind2=" ">
    <subfield code="a">System Simulation</subfield>
    <subfield code="c">Gordon Geoffrey</subfield>
  </datafield>
  <datafield tag="250" ind1=" " ind2=" ">
    <subfield code="a">2nd,ed.</subfield>
  </datafield>
  <datafield tag="260" ind1=" " ind2=" ">
    <subfield code="a">India</subfield>
    <subfield code="b">Pearson Education</subfield>
    <subfield code="c">c1978</subfield>
  </datafield>
  <datafield tag="300" ind1=" " ind2=" ">
    <subfield code="a">xii,324,p:</subfield>
    <subfield code="b">ill</subfield>
    <subfield code="c">30,cm.</subfield>
  </datafield>
  <datafield tag="538" ind1=" " ind2=" ">
    <subfield code="i">Shelf No 1 Row No 4</subfield>
  </datafield>
  <datafield tag="650" ind1=" " ind2=" ">
    <subfield code="a">System Simulation</subfield>
    <subfield code="9">2381</subfield>
  </datafield>
  <datafield tag="856" ind1=" " ind2=" ">
    <subfield code="3">Table of Content Only</subfield>
  </datafield>
  <datafield tag="942" ind1=" " ind2=" ">
    <subfield code="2">ddc</subfield>
    <subfield code="c">BK</subfield>
  </datafield>
  <datafield tag="952" ind1=" " ind2=" ">
    <subfield code="0">0</subfield>
    <subfield code="1">0</subfield>
    <subfield code="2">ddc</subfield>
    <subfield code="4">0</subfield>
    <subfield code="7">0</subfield>
    <subfield code="a">NQC</subfield>
    <subfield code="b">NQC</subfield>
    <subfield code="c">GEN</subfield>
    <subfield code="d">2013-11-04</subfield>
    <subfield code="o">003.01GOR</subfield>
    <subfield code="p">RCMS000555</subfield>
    <subfield code="r">2013-11-04</subfield>
    <subfield code="w">2013-11-04</subfield>
    <subfield code="y">BK</subfield>
  </datafield>
</record>
